000 02151nam a2200445Ia 4500
001 ebr10088548
003 CaPaEBR
006 m u
007 cr cn|||||||||
008 040206s2004 nyua sb 101 0 eng d
010 _z 2004044179
020 _z0306486385
020 _z0306484943
040 _aCaPaEBR
_cCaPaEBR
035 _a(OCoLC)55537711
050 1 4 _aHD30.38
_b.M325 2002eb
111 2 _aManagement of Technology Symposium
_d(2002 :
_cStevens Institute of Technology)
245 1 0 _aGuarding your business
_h[electronic resource] :
_ba management approach to security /
_cedited by Sumit Ghosh, Manu Malek, and Edward A. Stohr.
260 _aNew York :
_bKluwer Academic/Plenum,
_cc2004.
300 _axiv, 252 p. :
_bill.
500 _a"Proceedings of the Management of Technology (MOT) Symposium held at Stevens Institute of Technology during October 22-24, 2002"--Introd.
504 _aIncludes bibliographical references and index.
533 _aElectronic reproduction.
_bPalo Alto, Calif. :
_cebrary,
_d2009.
_nAvailable via World Wide Web.
_nAccess may be limited to ebrary affiliated libraries.
650 0 _aBusiness enterprises
_xComputer networks
_xSecurity measures
_vCongresses.
650 0 _aElectronic commerce
_xSecurity measures
_vCongresses.
650 0 _aComputer networks
_xSecurity measures
_vCongresses.
650 0 _aComputer security
_vCongresses.
650 0 _aData protection
_vCongresses.
650 0 _aBusiness enterprises
_xComputer networks
_xSecurity measures
_zUnited States
_vCongresses.
650 0 _aElectronic commerce
_xSecurity measures
_zUnited States
_vCongresses.
650 0 _aComputer networks
_xSecurity measures
_zUnited States
_vCongresses.
650 0 _aComputer security
_zUnited States
_vCongresses.
650 0 _aData protection
_zUnited States
_vCongresses.
655 7 _aElectronic books.
_2local
700 1 _aGhosh, Sumit,
_d1958-
700 1 _aMalek-Zavarei, Manu.
700 1 _aStohr, Edward A.,
_d1936-
710 2 _aebrary, Inc.
856 4 0 _uhttp://site.ebrary.com/lib/rucke/Doc?id=10088548
_zAn electronic book accessible through the World Wide Web; click to view
999 _c52006
_d52006